000 00414nam a2200169Ia 4500
008 230524s9999 xx 000 0 und d
020 _a9971512831
082 _a510
_bKRE
100 _aErwin Kreyszig
245 0 _aAdvanced Engineering Mathematics
250 _a8TH
260 _aSINGAPORE
_bJohn Wiley
_c2004
300 _aXVI;1273
500 _aQuantity Number: 1895
650 _aMathematics
942 _cBK
999 _c1658
_d1658